Internal Control and Frend Prevention in hosapilitality operations (Record no. 4116)

MARC details
000 -LEADER
fixed length control field 00436nam a22001697a 4500
005 - DATE AND TIME OF LATEST TRANSACTION
control field 20160627094549.0
008 - FIXED-LENGTH DATA ELEMENTS--GENERAL INFORMATION
fixed length control field 160627b xxu||||| |||| 00| 0 eng d
020 ## - INTERNATIONAL STANDARD BOOK NUMBER
ISBN 1-86250-479-2
041 ## - LANGUAGE CODE
Language code of text/sound track or separate title eng
082 ## - DEWEY DECIMAL CLASSIFICATION NUMBER
Item number 10343
100 ## - MAIN ENTRY--AUTHOR NAME
Personal name Boker, Kevin
245 ## - TITLE STATEMENT
Title Internal Control and Frend Prevention in hosapilitality operations
260 ## - PUBLICATION, DISTRIBUTION, ETC. (IMPRINT)
Name of publisher Hospitality Press
Year of publication 1999
300 ## - PHYSICAL DESCRIPTION
Number of Pages 170
650 ## - SUBJECT ADDED ENTRY--TOPICAL TERM
Topical Term Management
942 ## - ADDED ENTRY ELEMENTS (KOHA)
Koha item type Books
Holdings
Lost status Damaged status Home library Date acquired Cost, normal purchase price Full call number Accession Number Koha item type
    JRU Library 27/06/2016 1150.00 10343 10343 Books